000 00544nam a2200193Ia 4500
003 GCL
008 140319s9999 xx 000 0 ara d
040 _aGCL /
_cGCL
082 0 4 _a658
_bد ا
100 1 _aصليب بطرس (مترجم)
245 1 0 _aالادارة للمستقبل : التسعينات ومابعدها /
_cصليب بطرس (مترجم)
700 1 _aداركر، بيترف
300 _a532 ص
490 _a
650 0 4 _aالادارة
650 0 4 _aالتسويق
650 0 4 _aالتنظيم
942 _2ddc
_cBK
999 _c45445
_d45445